000 00690nam a2200253Ia 4500
003 OSt
005 20220924144817.0
006 a|||||r|||| 00| 0
007 ta
008 220923b |||||||| |||| 00| 0 urd d
024 _a322163
037 _cTextual
040 _aARTS
_cARTS
_burd
041 _2urd
_aurd
082 _aR0aQ7, 168H4
100 _aSehar Agnash Gold Au.
_9218506
245 0 _aQarun-e-wusta ka islami falsafa
260 _c1944
650 _a PHILOSOPHY
650 _aISLAM
_9577
700 _a Waheeduddin Sayed Tr.
_9218507
942 _hR0aQ7, 168H4
_cTEXL
_2CC
999 _c458377
_d458377